[Event "4NCL/Div2a/WES2 vs. PPA1"]
[Site "Sunningdale ENG"]
[Date "2008.10.04"]
[Round "1.2"]
[White "Dargan, Paul"]
[Black "Clark, Ian C"]
[Result "1-0"]
[WhiteElo "2207"]
[BlackElo "2106"]
[PlyCount "45"]
[EventDate "2008.10.04"]
[SourceDate "2008.10.04"]

1. e4 c5 2. c3 e6 3. d4 d5 4. exd5 Qxd5 5. Nf3 Nc6 6. Bd3 cxd4 7. cxd4 Nf6 8.
Nc3 Bb4 9. O-O Bxc3 10. bxc3 O-O 11. Bg5 h6 12. Bxf6 gxf6 13. Re1 Qh5 14. Re4
f5 15. Rh4 Qg6 16. Qd2 Kg7 17. Re1 Bd7 18. Re3 Rh8 19. Ne5 Nxe5 20. dxe5 Kf8
21. Rg3 Qh7 22. Rd4 Ke8 23. Rxd7 1-0

[Event "4NCL/Div2a/WES2 vs. PPA1"]
[Site "Sunningdale ENG"]
[Date "2008.10.04"]
[Round "1.3"]
[White "Gregory, Keith D"]
[Black "Goodger, Martyn"]
[Result "1-0"]
[WhiteElo "2067"]
[BlackElo "2164"]
[PlyCount "115"]
[EventDate "2008.10.04"]
[SourceDate "2008.10.04"]

1. Nf3 d6 2. g3 f5 3. Bg2 Nf6 4. O-O g6 5. b3 Bg7 6. Bb2 e5 7. c4 O-O 8. d3 Nc6
9. Nc3 h6 10. a3 g5 11. b4 Be6 12. Nd2 Qd7 13. Rc1 Nd8 14. Nd5 c6 15. Nxf6+
Bxf6 16. a4 Bf7 17. b5 Ne6 18. Nb3 Rac8 19. Ba3 Rfd8 20. Rb1 d5 21. Na5 cxb5
22. axb5 Nc5 23. Bb4 e4 24. cxd5 Bxd5 25. Bxc5 Rxc5 26. dxe4 fxe4 27. Qa4 b6
28. Nc6 Bxc6 29. bxc6 Qxc6 30. Qxc6 Rxc6 31. Bxe4 Rc5 32. Bd3 Kg7 33. f4 Bd4+
34. Kg2 gxf4 35. Rxf4 Be3 36. Rf3 Bg5 37. h4 Bd2 38. Rbf1 Rc7 39. Rf6 Rdd7 40.
Rg6+ Kh8 41. Rf8+ Kh7 42. Rgg8+ Rxd3 43. exd3 Bc3 44. Rc8 Rxc8 45. Rxc8 Be5 46.
d4 Bxd4 47. Rc7+ Kg6 48. Rxa7 Bc5 49. Kf3 h5 50. Rc7 Kh6 51. Rc6+ Kh7 52. Kf4
Bf2 53. Rc2 Be1 54. Re2 Bb4 55. Kg5 Bd6 56. Re3 b5 57. Kxh5 b4 58. g4 1-0

[Event "4NCL/Div2a/WES2 vs. PPA1"]
[Site "Sunningdale ENG"]
[Date "2008.10.04"]
[Round "1.5"]
[White "Taylor-Bowd, Phil"]
[Black "Richter, Hans"]
[Result "1/2-1/2"]
[WhiteElo "2025"]
[BlackElo "2144"]
[PlyCount "60"]
[EventDate "2008.10.04"]
[SourceDate "2008.10.04"]

1. e4 c5 2. Nf3 e6 3. d4 cxd4 4. Nxd4 a6 5. c4 Nf6 6. Nc3 Bb4 7. Qc2 Qc7 8. a3
Bc5 9. Nb3 Be7 10. Be2 d6 11. Be3 Nbd7 12. Rc1 b6 13. f3 Bb7 14. Qd2 O-O 15.
O-O Rac8 16. Rfd1 Rfd8 17. Bf1 Qb8 18. Qf2 Bc6 19. Nd4 Ba8 20. Nc2 Nc5 21. b4
Ncd7 22. Na1 Re8 23. Nb3 Bd8 24. c5 bxc5 25. Bxa6 Bb7 26. Bb5 cxb4 27. axb4 Bc6
28. Ba6 Bb7 29. Bb5 Bc6 30. Ba6 Bb7 1/2-1/2

[Event "4NCL/Div2a/WES2 vs. PPA1"]
[Site "Sunningdale ENG"]
[Date "2008.10.04"]
[Round "1.6"]
[White "Rosen, Daniel B"]
[Black "Krawczuk, Michael J"]
[Result "1-0"]
[WhiteElo "2150"]
[BlackElo "2045"]
[PlyCount "73"]
[EventDate "2008.10.04"]
[SourceDate "2008.10.04"]

1. e4 c5 2. Nc3 e6 3. f4 Nc6 4. Nf3 Nd4 5. Bc4 a6 6. d3 Ne7 7. O-O Nec6 8. Nxd4
Nxd4 9. Ne2 b5 10. Nxd4 cxd4 11. Bb3 Qh4 12. Qf3 Be7 13. f5 f6 14. e5 Rb8 15.
Bf4 Rb6 16. exf6 gxf6 17. fxe6 dxe6 18. Bc7 Bb7 19. Qe2 Rc6 20. Bg3 Qg5 21.
Bxe6 h5 22. Rae1 Rh7 23. Qe4 Rxe6 24. Qxb7 Rxe1 25. Rxe1 Qc5 26. Qxa6 Kf8 27.
Qa8+ Kf7 28. Qe4 Rg7 29. Bf2 Rg4 30. Qe6+ Kf8 31. h3 Rg7 32. Qe2 Qd5 33. Bh4
Qc6 34. Rf1 Kg8 35. Rf5 Qd7 36. Rxb5 Qxh3 37. Bxf6 1-0

[Event "4NCL/Div2a/WES2 vs. PPA1"]
[Site "Sunningdale ENG"]
[Date "2008.10.04"]
[Round "1.7"]
[White "Tunks, Dominic"]
[Black "Winfridsson, Ola"]
[Result "1-0"]
[WhiteElo "1945"]
[BlackElo "2133"]
[PlyCount "101"]
[EventDate "2008.10.04"]
[SourceDate "2008.10.04"]

1. e4 c6 2. d3 d5 3. Nd2 e5 4. Ngf3 Nd7 5. d4 exd4 6. Nxd4 Ngf6 7. exd5 cxd5 8.
Nf5 Qb6 9. Qe2+ Qe6 10. Nf3 Qxe2+ 11. Bxe2 g6 12. N5d4 a6 13. h3 Bg7 14. Be3
O-O 15. O-O Re8 16. Rfe1 Ne4 17. Rad1 Ndc5 18. Bc1 Na4 19. c4 dxc4 20. Bxc4 Nb6
21. Bxf7+ Kxf7 22. Rxe4 Rxe4 23. Ng5+ Kg8 24. Nxe4 Bd7 25. Nc5 Bxd4 26. Nxd7
Rd8 27. Rxd4 Rxd7 28. Rxd7 Nxd7 29. Kf1 Kf7 30. Ke2 Ke6 31. b3 Ke5 32. Ke3 Nc5
33. Bb2+ Kd5 34. f4 Ne4 35. g4 b5 36. f5 gxf5 37. gxf5 Ng5 38. h4 Nf7 39. Kf4
a5 40. Kf3 Nh6 41. Kf4 Nf7 42. a4 bxa4 43. bxa4 Kc4 44. Bc1 Kd3 45. f6 Kc2 46.
Be3 Kb3 47. Kf5 Kxa4 48. Ke6 Nd8+ 49. Ke7 Nc6+ 50. Ke8 Ne5 51. f7 1-0

[Event "4NCL/Div2a/WES2 vs. PPA1"]
[Site "Sunningdale ENG"]
[Date "2008.10.04"]
[Round "1.8"]
[White "Bentley, Emma"]
[Black "Thilaganathan, Jessica"]
[Result "0-1"]
[WhiteElo "1740"]
[BlackElo "1891"]
[PlyCount "142"]
[EventDate "2008.10.04"]
[SourceDate "2008.10.04"]

1. e4 e6 2. Nc3 d5 3. exd5 exd5 4. d4 Nf6 5. Be2 Bb4 6. Bd2 Bf5 7. Nf3 O-O 8.
O-O Re8 9. Re1 Nbd7 10. a3 Bf8 11. Bf4 c6 12. Nd2 Be7 13. Rc1 Nf8 14. Be3 Bd6
15. Nf1 Qd7 16. Bg5 Ne4 17. Nxe4 Bxe4 18. Bf3 Qf5 19. Bxe4 Rxe4 20. Rxe4 Qxe4
21. Be3 Ng6 22. g3 f5 23. Nd2 Qe7 24. Nf1 f4 25. Bd2 Qf6 26. Qe2 Rf8 27. Re1
Qf7 28. Qe6 Bb8 29. Qxf7+ Kxf7 30. Bb4 Re8 31. Rxe8 Kxe8 32. Kg2 Kf7 33. Kf3
fxg3 34. hxg3 Ke6 35. Ne3 Bc7 36. Bd2 h5 37. Kg2 Ne7 38. Kh3 Nf5 39. c3 Nxe3
40. Bxe3 Kf5 41. f3 Bd8 42. Bf4 g5 43. Bb8 g4+ 44. Kg2 gxf3+ 45. Kxf3 a6 46.
Bd6 Bg5 47. a4 Bc1 48. Ba3 a5 49. Kf2 Ke4 50. Ke2 b5 51. axb5 cxb5 52. Kd1 Bg5
53. Ke2 Bd8 54. Bd6 Bg5 55. Bc7 Bc1 56. Bxa5 Bxb2 57. Bb4 Bc1 58. Bd6 Bg5 59.
Bc5 Bd8 60. Bd6 Ba5 61. Kd2 Bd8 62. Ke2 Ba5 63. Kd2 Kf3 64. Kd3 Bd8 65. Kd2
Bg5+ 66. Ke1 Be3 67. Kf1 Bd2 68. Bb4 Kxg3 69. Kg1 Kf3 70. Ba5 Ke2 71. Kg2 Kd3
0-1

[Event "4NCL/Div2a/BARY vs. OXF1"]
[Site "Sunningdale ENG"]
[Date "2008.10.05"]
[Round "2.1"]
[White "Franklin, Samuel"]
[Black "Savage, Ben D"]
[Result "1/2-1/2"]
[WhiteElo "2156"]
[BlackElo "2308"]
[PlyCount "76"]
[EventDate "2008.10.05"]
[SourceDate "2008.10.04"]

1. c4 e5 2. Nc3 Nc6 3. g3 g6 4. Bg2 Bg7 5. e4 d6 6. Nge2 Be6 7. d3 Qd7 8. Nd5
f5 9. O-O Nf6 10. Bg5 O-O 11. Qd2 Kh8 12. f3 Ng8 13. exf5 Bxf5 14. Be3 Nf6 15.
d4 exd4 16. Nxd4 Nxd4 17. Bxd4 Nxd5 18. cxd5 c5 19. dxc6 bxc6 20. Rac1 Rac8 21.
Bxg7+ Kxg7 22. Qd4+ Kg8 23. Rfd1 Rfd8 24. f4 Be6 25. b3 c5 26. Qe3 a5 27. Bd5
Re8 28. Qd3 Bxd5 29. Qxd5+ Qe6 30. Rc3 Qxd5 31. Rxd5 Rc6 32. Kf2 a4 33. Rcd3
axb3 34. axb3 Re6 35. Kf3 Rb6 36. Kg4 Kf7 37. Kg5 Kg7 38. Kg4 Kf7 1/2-1/2

[Event "4NCL/Div2a/BARY vs. OXF1"]
[Site "Sunningdale ENG"]
[Date "2008.10.05"]
[Round "2.2"]
[White "Rose, Matthew"]
[Black "Ynojosa, Felix J"]
[Result "1-0"]
[WhiteElo "2249"]
[BlackElo "2145"]
[PlyCount "91"]
[EventDate "2008.10.05"]
[SourceDate "2008.10.04"]

1. e4 c5 2. c3 Nf6 3. e5 Nd5 4. d4 cxd4 5. Nf3 d6 6. Bc4 Nb6 7. Bb3 Nc6 8. cxd4
d5 9. Nh4 Nc4 10. Nc3 a6 11. O-O e6 12. g3 Be7 13. Nf3 b5 14. Bc2 b4 15. Na4 a5
16. b3 Nb6 17. Nc5 Bxc5 18. dxc5 Nd7 19. Be3 Qc7 20. Re1 Bb7 21. Rc1 Ndxe5 22.
Nd4 Nxd4 23. Bxd4 Nd7 24. c6 Bxc6 25. Bxg7 Rg8 26. Qd4 Nf8 27. Bd3 Qd7 28. Rc5
f5 29. Bxf8 Rxf8 30. Rec1 Qa7 31. Qe5 Bd7 32. Rc7 Qb8 33. Qd6 Rf7 34. Rxd7 Rxd7
35. Qxe6+ Re7 36. Qg8+ Kd7 37. Qxd5+ Ke8 38. Qg8+ Kd7 39. Bxf5+ Kd6 40. Qg5 Rf7
41. Qh6+ Ke7 42. Re1+ Kd8 43. Qd2+ Kc7 44. Rc1+ Kb6 45. Qd4+ Kb5 46. Bd3# 1-0

[Event "4NCL/Div2a/BARY vs. OXF1"]
[Site "Sunningdale ENG"]
[Date "2008.10.05"]
[Round "2.3"]
[White "O'Toole, George E"]
[Black "Rawlinson, Aidan"]
[Result "1/2-1/2"]
[WhiteElo "2054"]
[BlackElo "2243"]
[PlyCount "35"]
[EventDate "2008.10.05"]
[SourceDate "2008.10.04"]

1. e4 c5 2. c3 Nf6 3. e5 Nd5 4. d4 cxd4 5. cxd4 e6 6. Nf3 d6 7. Bc4 Nc6 8. O-O
Be7 9. Qe2 O-O 10. Nc3 dxe5 11. dxe5 Nxc3 12. bxc3 Qa5 13. Qe4 Qa4 14. Bg5 h6
15. Bxe7 Nxe7 16. Rab1 Bd7 17. Bd3 Qxe4 18. Bxe4 1/2-1/2

[Event "4NCL/Div2a/BARY vs. OXF1"]
[Site "Sunningdale ENG"]
[Date "2008.10.05"]
[Round "2.4"]
[White "White, Michael J R"]
[Black "Wells, Daniel"]
[Result "1-0"]
[WhiteElo "2242"]
[BlackElo "2012"]
[PlyCount "95"]
[EventDate "2008.10.05"]
[SourceDate "2008.10.04"]

1. e4 c5 2. Nf3 Nc6 3. d4 cxd4 4. Nxd4 Nf6 5. Nc3 e5 6. Nde2 Bb4 7. a3 Ba5 8.
f3 d5 9. b4 Bb6 10. Nxd5 Nxd5 11. exd5 Nd4 12. c4 Qh4+ 13. Ng3 Nf5 14. Qe2 Bd4
15. Bb2 Nxg3 16. hxg3 Qxg3+ 17. Kd1 Bxb2 18. Qxb2 Bf5 19. Ra2 O-O 20. Qf2 Qg5
21. Qd2 Qf6 22. Bd3 Rfe8 23. Be4 Qg6 24. Rh4 Rac8 25. c5 Bxe4 26. fxe4 Qg3 27.
Rh3 Qg4+ 28. Qe2 Qd7 29. Qh5 h6 30. g4 f6 31. Qg6 Qf7 32. Qxf7+ Kxf7 33. Rc2
Red8 34. Kd2 Kg6 35. Ke3 Kg5 36. Rh5+ Kg6 37. Rhh2 Kg5 38. Rh5+ Kg6 39. Rhh2
Kg5 40. b5 g6 41. a4 Rc7 42. a5 Rh7 43. c6 bxc6 44. dxc6 f5 45. gxf5 gxf5 46.
exf5 Kxf5 47. c7 Rc8 48. b6 1-0

[Event "4NCL/Div2a/BARY vs. OXF1"]
[Site "Sunningdale ENG"]
[Date "2008.10.05"]
[Round "2.5"]
[White "Moore, John C"]
[Black "Shaw, David A"]
[Result "0-1"]
[WhiteElo "2063"]
[BlackElo "2250"]
[PlyCount "80"]
[EventDate "2008.10.05"]
[SourceDate "2008.10.04"]

1. e4 e6 2. d4 d5 3. Nc3 Bb4 4. e5 c5 5. a3 Bxc3+ 6. bxc3 Qc7 7. Nf3 b6 8. a4
Nc6 9. Bd3 cxd4 10. cxd4 Nxd4 11. Nxd4 Qc3+ 12. Qd2 Qxa1 13. c3 a6 14. O-O Qxa4
15. Qe2 Ne7 16. Bb2 O-O 17. Ra1 Qd7 18. Ba3 Re8 19. Bd6 Bb7 20. f4 Ng6 21. Rf1
Rad8 22. Qh5 Qc8 23. Nf3 Rxd6 24. exd6 Qxc3 25. Ne5 Qc5+ 26. Kh1 Qxd6 27. Nxf7
Kxf7 28. f5 exf5 29. Qxf5+ Ke7 30. Qg5+ Kd7 31. Rf7+ Re7 32. Qg4+ Ke8 33. Rf1
Ne5 34. Qa4+ b5 35. Qf4 Rf7 36. Qe3 Rxf1+ 37. Bxf1 Qf6 38. Kg1 Kd8 39. Qa7 Kc8
40. Qc5+ Nc6 0-1

[Event "4NCL/Div2a/BARY vs. OXF1"]
[Site "Sunningdale ENG"]
[Date "2008.10.05"]
[Round "2.6"]
[White "Eckersley-Waites, Tom"]
[Black "Cumming, Rhys"]
[Result "1-0"]
[WhiteElo "2222"]
[BlackElo "1894"]
[PlyCount "69"]
[EventDate "2008.10.05"]
[SourceDate "2008.10.04"]

1. d4 Nf6 2. c4 g6 3. Nc3 d5 4. cxd5 Nxd5 5. e4 Nxc3 6. bxc3 Bg7 7. Nf3 O-O 8.
Rb1 c5 9. Be2 Qa5 10. O-O Qxc3 11. d5 Qa5 12. Bg5 Qc7 13. Qd2 Rd8 14. Bc4 Nc6
15. Bf4 Ne5 16. Nxe5 Bxe5 17. Bxe5 Qxe5 18. Qe3 e6 19. f4 Qc7 20. f5 exf5 21.
e5 Re8 22. Rbe1 b6 23. g4 a6 24. gxf5 Bxf5 25. Rxf5 b5 26. d6 Qd7 27. Bxf7+ Kg7
28. Bxe8 Qxf5 29. Bc6 Rf8 30. e6 Qg4+ 31. Kh1 Qh4 32. e7 Rf2 33. Qe5+ Kh6 34.
e8=Q Qh3 35. Qe3+ 1-0

[Event "4NCL/Div2a/BARY vs. OXF1"]
[Site "Sunningdale ENG"]
[Date "2008.10.05"]
[Round "2.7"]
[White "Anandajeyarajah, Thilagini"]
[Black "Smallbone, Kieran"]
[Result "0-1"]
[WhiteElo "1735"]
[BlackElo "2235"]
[PlyCount "56"]
[EventDate "2008.10.05"]
[SourceDate "2008.10.04"]

1. e4 c6 2. d4 d5 3. Nc3 dxe4 4. Nxe4 Nf6 5. Ng3 h5 6. Bc4 h4 7. N3e2 Bf5 8.
Nf3 e6 9. Bg5 h3 10. gxh3 Be4 11. Ng3 Bxf3 12. Qxf3 Qxd4 13. Bxf6 Qxf6 14. Qxf6
gxf6 15. Ne4 f5 16. Ng5 Nd7 17. O-O-O Ne5 18. Bb3 Bh6 19. f4 Bxg5 20. fxg5 Rxh3
21. Rd2 Rd8 22. Re2 Ng6 23. Rf1 Kf8 24. c3 Kg7 25. Rff2 Rh5 26. Rd2 Rxd2 27.
Rxd2 Ne5 28. Rg2 Kg6 0-1

[Event "4NCL/Div2a/BARY vs. OXF1"]
[Site "Sunningdale ENG"]
[Date "2008.10.05"]
[Round "2.8"]
[White "Tidman, Sophie"]
[Black "Ynojosa, Angelica M"]
[Result "1-0"]
[WhiteElo "2095"]
[BlackElo "1725"]
[PlyCount "101"]
[EventDate "2008.10.05"]
[SourceDate "2008.10.04"]

1. e4 c5 2. Nf3 e6 3. d4 cxd4 4. Nxd4 a6 5. Bd3 Nf6 6. O-O d6 7. Nc3 Be7 8. Qe2
Qc7 9. Nb3 Nbd7 10. f4 O-O 11. Bd2 b6 12. Rae1 Nc5 13. f5 Nxd3 14. cxd3 exf5
15. exf5 Re8 16. Bg5 Bd7 17. Qd2 Bc6 18. Rc1 Qd7 19. Nd4 Bb7 20. a3 Ng4 21. h3
Bxg5 22. Qxg5 Nf6 23. b4 Rac8 24. b5 axb5 25. Ncxb5 Ba6 26. a4 Rc5 27. Qf4 Rd8
28. Rce1 Bb7 29. Re2 h6 30. Rfe1 Nd5 31. Qg3 Ba6 32. f6 g6 33. Nb3 Rcc8 34. Qh4
h5 35. Qg5 Qf5 36. Qxf5 gxf5 37. N3d4 Nxf6 38. Nxf5 Nd5 39. Nfxd6 Rc5 40. d4
Rc6 41. Re8+ Rxe8 42. Rxe8+ Kg7 43. Re5 Nf6 44. Nf5+ Kf8 45. Ne3 Rc1+ 46. Kh2
Ra1 47. Nc7 Bb7 48. Rb5 Rxa4 49. Rxb6 Ra3 50. Nf5 Be4 51. Rb8+ 1-0

[Event "4NCL/Div2a/PPA1 vs. JUTK"]
[Site "Sunningdale ENG"]
[Date "2008.10.05"]
[Round "2.1"]
[White "Dargan, Paul"]
[Black "Williams, Simon K"]
[Result "0-1"]
[WhiteElo "2207"]
[BlackElo "2494"]
[PlyCount "108"]
[EventDate "2008.10.05"]
[SourceDate "2008.10.04"]

1. e4 a6 2. d4 b5 3. Bd3 Bb7 4. Nf3 h6 5. Qe2 e6 6. O-O g5 7. c4 bxc4 8. Bxc4
Bg7 9. d5 Ne7 10. Nc3 Ng6 11. Rd1 Qf6 12. Be3 O-O 13. d6 cxd6 14. Rxd6 g4 15.
Ne1 Qh4 16. g3 Qh5 17. Rad1 Ne5 18. Bd4 Nbc6 19. Rxd7 Nxd4 20. R7xd4 Nf3+ 21.
Nxf3 gxf3 22. Qe3 Bxd4 23. Rxd4 Rfd8 24. Bf1 Rac8 25. h3 Rxd4 26. Qxd4 Bc6 27.
Qf6 Bb5 28. g4 Qg5 29. Qxf3 Bxf1 30. Kxf1 Qc1+ 31. Kg2 Qxb2 32. Ne2 Qxa2 33.
Nf4 Qb2 34. Nh5 Qe5 35. Nf6+ Kg7 36. Nh5+ Kf8 37. Qa3+ Kg8 38. Qxa6 Qxe4+ 39.
Kh2 Qe5+ 40. Kg2 Rd8 41. Qb6 Rd1 42. Ng3 Qd5+ 43. Kh2 Qf3 44. Qc5 Rd2 45. Kg1
Kh7 46. Qb6 Rd1+ 47. Kh2 e5 48. Qc5 Rd2 49. Kg1 Kg6 50. Qb6+ Kg5 51. Nf1 Rd1
52. h4+ Kxg4 53. Qxh6 Kh3 54. Qg5 Rxf1+ 0-1

[Event "4NCL/Div2a/PPA1 vs. JUTK"]
[Site "Sunningdale ENG"]
[Date "2008.10.05"]
[Round "2.2"]
[White "Harakis, Alexis"]
[Black "Swanson, Stephen"]
[Result "1/2-1/2"]
[WhiteElo "2252"]
[BlackElo "2225"]
[PlyCount "156"]
[EventDate "2008.10.05"]
[SourceDate "2008.10.04"]

1. d4 d6 2. e4 g6 3. c4 Bg7 4. Ne2 e5 5. Nbc3 Nc6 6. d5 Nce7 7. h3 f5 8. exf5
Nxf5 9. g4 Nd4 10. Nxd4 exd4 11. Nb5 Ne7 12. Nxd4 c6 13. dxc6 bxc6 14. Bg2 Qa5+
15. Bd2 Qc5 16. Be3 Qa5+ 17. Qd2 Qxd2+ 18. Kxd2 Bd7 19. Rhe1 O-O 20. Rad1 a5
21. Kc2 Rab8 22. b3 a4 23. Ne2 Nc8 24. Nc3 axb3+ 25. axb3 Be5 26. Re2 h5 27. f3
Rf7 28. Bd4 Bxd4 29. Rxd4 Kg7 30. Ne4 d5 31. Nc5 Nb6 32. Nxd7 Rxd7 33. c5 Nc8
34. Re6 Ne7 35. Bf1 Rf8 36. Be2 hxg4 37. hxg4 Rf6 38. Rxf6 Kxf6 39. f4 Rd8 40.
g5+ Kf5 41. Bd3+ Kg4 42. Kc3 Rf8 43. b4 Rxf4 44. Rxf4+ Kxf4 45. Kd4 Kxg5 46.
Ke5 Nc8 47. Ke6 Na7 48. Kd7 Kf6 49. Kc7 g5 50. Kb7 g4 51. Kxa7 g3 52. Bf1 d4
53. b5 cxb5 54. c6 d3 55. c7 d2 56. c8=Q d1=Q 57. Qc3+ Kf7 58. Qc7+ Kf6 59.
Qf4+ Ke7 60. Qg5+ Kf7 61. Qf4+ Ke7 62. Qe5+ Kf7 63. Bxb5 Qg4 64. Qc7+ Kf8 65.
Qd8+ Kg7 66. Bc6 Qf4 67. Bd5 Qa4+ 68. Kb6 Qd4+ 69. Kc6 Qa4+ 70. Kd6 Qf4+ 71.
Kd7 Qf5+ 72. Kc7 Qe5+ 73. Kb7 Qb2+ 74. Kc8 Qc2+ 75. Kb8 Qb2+ 76. Kc8 Qc2+ 77.
Kb8 Qb2+ 78. Bb7 Qe5+ 1/2-1/2

[Event "4NCL/Div2a/PPA1 vs. JUTK"]
[Site "Sunningdale ENG"]
[Date "2008.10.05"]
[Round "2.3"]
[White "Goodger, Martyn"]
[Black "Mack, Andy"]
[Result "1/2-1/2"]
[WhiteElo "2164"]
[BlackElo "2235"]
[PlyCount "26"]
[EventDate "2008.10.05"]
[SourceDate "2008.10.04"]

1. e4 e5 2. Nf3 Nc6 3. Bc4 Nf6 4. d3 Be7 5. O-O O-O 6. a4 d5 7. exd5 Nxd5 8. h3
Re8 9. Re1 Bf6 10. Bxd5 Qxd5 11. Nc3 Qd8 12. Ne4 Bf5 13. Bd2 h6 1/2-1/2

[Event "4NCL/Div2a/PPA1 vs. JUTK"]
[Site "Sunningdale ENG"]
[Date "2008.10.05"]
[Round "2.4"]
[White "Rich, Mark"]
[Black "Byway, Paul"]
[Result "0-1"]
[WhiteElo "2170"]
[BlackElo "2154"]
[PlyCount "56"]
[EventDate "2008.10.05"]
[SourceDate "2008.10.04"]

1. e4 c5 2. Nc3 Nc6 3. f4 e6 4. Nf3 d5 5. Bb5 Nf6 6. Qe2 Be7 7. d3 O-O 8. Bxc6
bxc6 9. b3 c4 10. bxc4 dxc4 11. e5 Nd5 12. Nxd5 cxd5 13. O-O Ba6 14. d4 Qa5 15.
Ne1 Qc3 16. Rb1 Qxd4+ 17. Be3 Qe4 18. Nf3 Bc5 19. Rfe1 d4 20. Bf2 Qxf4 21. Qe4
Qxe4 22. Rxe4 Rab8 23. Rxb8 Rxb8 24. Bxd4 Bb7 25. Rf4 Bxd4+ 26. Rxd4 Bd5 27.
Nd2 Rb2 28. c3 Rxa2 0-1

[Event "4NCL/Div2a/PPA1 vs. JUTK"]
[Site "Sunningdale ENG"]
[Date "2008.10.05"]
[Round "2.5"]
[White "Richter, Hans"]
[Black "Howell, Christopher"]
[Result "1-0"]
[WhiteElo "2144"]
[BlackElo "2101"]
[PlyCount "87"]
[EventDate "2008.10.05"]
[SourceDate "2008.10.04"]

1. d4 Nf6 2. c4 g6 3. Nc3 Bg7 4. e4 d6 5. Nf3 O-O 6. Be2 Na6 7. O-O c5 8. d5
Nc7 9. h3 b5 10. cxb5 a6 11. bxa6 Bxa6 12. Bf4 Qb8 13. Rb1 Nb5 14. Bxb5 Bxb5
15. Re1 Nh5 16. Bg5 f6 17. Be3 Bh8 18. Nh2 Bd7 19. Ng4 Bg7 20. Nh6+ Bxh6 21.
Bxh6 Ng7 22. f4 Qb4 23. Qe2 Qd4+ 24. Kh2 Rfb8 25. a3 c4 26. Rbd1 Qb6 27. Bxg7
Kxg7 28. Rd2 Qb3 29. e5 Re8 30. Qf2 Bf5 31. Rde2 fxe5 32. fxe5 Bd3 33. Re3 Rf8
34. Qh4 dxe5 35. Rxe5 Rf7 36. Rxe7 Raf8 37. R1e6 Kg8 38. Rxf7 Rxf7 39. Re8+ Kg7
40. Qd4+ Kh6 41. Ne4 Qc2 42. Qe3+ Kg7 43. Ng5 Rf2 44. Ne6+ 1-0

[Event "4NCL/Div2a/PPA1 vs. JUTK"]
[Site "Sunningdale ENG"]
[Date "2008.10.05"]
[Round "2.6"]
[White "Rice, Chris"]
[Black "Rosen, Daniel B"]
[Result "1-0"]
[WhiteElo "2107"]
[BlackElo "2150"]
[PlyCount "103"]
[EventDate "2008.10.05"]
[SourceDate "2008.10.04"]

1. c4 e5 2. g3 Nc6 3. Bg2 f5 4. Nc3 Nf6 5. d3 Bb4 6. Bd2 O-O 7. Nf3 d6 8. O-O
Bxc3 9. Bxc3 Qe8 10. b4 Nd8 11. e3 Ne6 12. Rc1 Kh8 13. Nd2 f4 14. exf4 exf4 15.
d4 Ng5 16. d5 Bg4 17. f3 Bd7 18. g4 Qg6 19. h4 Nf7 20. Qc2 Qxc2 21. Rxc2 Rae8
22. Bd4 b6 23. Rfc1 Ne5 24. Bf1 c6 25. dxc6 Bxc6 26. Kf2 Nxf3 27. Bxf6 Nxd2 28.
Bxg7+ Kxg7 29. Rxd2 Re6 30. Rcd1 Rd8 31. c5 bxc5 32. bxc5 d5 33. Bg2 Ba4 34.
Rxd5 Bxd1 35. Rxd8 Bxg4 36. Bf3 Bxf3 37. Kxf3 Rc6 38. Rd5 Ra6 39. Rd2 Rc6 40.
Rc2 Kf6 41. Kxf4 a6 42. Ke4 Ke6 43. Kd4 Rc8 44. Re2+ Kd7 45. Kd5 Rf8 46. c6+
Kc8 47. Kd6 Rf6+ 48. Kc5 Kd8 49. Kb6 a5 50. Kb7 Rf7+ 51. Kb8 Rg7 52. Rd2+ 1-0

[Event "4NCL/Div2a/PPA1 vs. JUTK"]
[Site "Sunningdale ENG"]
[Date "2008.10.05"]
[Round "2.7"]
[White "Winfridsson, Ola"]
[Black "Donovan, Nigel"]
[Result "1/2-1/2"]
[WhiteElo "2133"]
[BlackElo "2093"]
[PlyCount "47"]
[EventDate "2008.10.05"]
[SourceDate "2008.10.04"]

1. d4 Nf6 2. c4 e6 3. Nc3 Bb4 4. Bg5 c5 5. d5 d6 6. e3 Bxc3+ 7. bxc3 Qe7 8. Bd3
Nbd7 9. Nf3 O-O 10. Qc2 h6 11. h4 exd5 12. cxd5 Re8 13. O-O-O hxg5 14. hxg5 Ne4
15. Rh4 f5 16. gxf6 Ndxf6 17. Rdh1 Bf5 18. Ng5 Nxg5 19. Bxf5 Qe5 20. Rh8+ Kf7
21. Bg6+ Ke7 22. Bxe8 Rxe8 23. Rxe8+ Nxe8 24. Qb3 1/2-1/2

[Event "4NCL/Div2a/PPA1 vs. JUTK"]
[Site "Sunningdale ENG"]
[Date "2008.10.05"]
[Round "2.8"]
[White "Wilson, Alexandra"]
[Black "Bentley, Emma"]
[Result "1-0"]
[WhiteElo "2026"]
[BlackElo "1740"]
[PlyCount "29"]
[EventDate "2008.10.05"]
[SourceDate "2008.10.04"]

1. e4 e5 2. Nf3 Nc6 3. Bb5 a6 4. Ba4 Bc5 5. O-O Nge7 6. c3 d5 7. Nxe5 b5 8.
Nxc6 Nxc6 9. exd5 Qxd5 10. Bb3 Qd8 11. d4 Bb6 12. Re1+ Kf8 13. Qf3 Qf6 14. Qxf6
gxf6 15. Bh6+ 1-0

[Event "4NCL/Div2a/BRJ vs. ANGA"]
[Site "Sunningdale ENG"]
[Date "2008.10.05"]
[Round "2.1"]
[White "Haydon, Richard"]
[Black "Talsma, Paul A"]
[Result "1/2-1/2"]
[WhiteElo "2196"]
[BlackElo "2237"]
[PlyCount "61"]
[EventDate "2008.10.05"]
[SourceDate "2008.10.04"]

1. Nf3 f5 2. g3 Nf6 3. Bg2 g6 4. O-O Bg7 5. c4 O-O 6. Nc3 d6 7. d3 Nc6 8. Rb1
a5 9. a3 Nh5 10. Bd2 f4 11. Nd5 e5 12. b4 axb4 13. axb4 Bg4 14. b5 Ne7 15. Ng5
Nxd5 16. Bxd5+ Kh8 17. Ne6 Bxe6 18. Bxe6 e4 19. dxe4 Qe8 20. Bg4 Nf6 21. Bf3
Nxe4 22. Qc2 Nxd2 23. Qxd2 Ra4 24. Qc2 Ra3 25. Bxb7 Rc3 26. Qa2 Bd4 27. Bf3 Qe5
28. Kg2 Qc5 29. Bd5 Kg7 30. Qd2 Be5 31. Rbc1 1/2-1/2

[Event "4NCL/Div2a/BRJ vs. ANGA"]
[Site "Sunningdale ENG"]
[Date "2008.10.05"]
[Round "2.2"]
[White "Gregory, Stephen J"]
[Black "Richmond, Peter A"]
[Result "0-1"]
[WhiteElo "2187"]
[BlackElo "2244"]
[PlyCount "74"]
[EventDate "2008.10.05"]
[SourceDate "2008.10.04"]

1. e4 c5 2. Nf3 Nf6 3. d3 d5 4. Nbd2 Nc6 5. g3 dxe4 6. dxe4 g6 7. Bg2 Bg7 8.
O-O O-O 9. h3 b6 10. Re1 e5 11. c3 Qc7 12. Nh4 Rd8 13. Qf3 Bb7 14. Nf1 Ne7 15.
Qe2 c4 16. f4 exf4 17. Bxf4 Qc5+ 18. Be3 Qc7 19. Bd4 Nh5 20. Bxg7 Nxg7 21. Rad1
Ne6 22. Nf3 Qc5+ 23. Kh2 b5 24. e5 Nf5 25. Nh4 Bxg2 26. Nxg2 Qc7 27. g4 Ne7 28.
Ng3 Nc6 29. Rxd8+ Rxd8 30. b3 cxb3 31. axb3 Rd5 32. Rf1 Nxe5 33. Kg1 Ng5 34.
Nf4 Rd2 35. Qe3 Qc6 36. Qxe5 Nxh3+ 37. Nxh3 Qg2# 0-1

[Event "4NCL/Div2a/BRJ vs. ANGA"]
[Site "Sunningdale ENG"]
[Date "2008.10.05"]
[Round "2.3"]
[White "Girdlestone, Paul"]
[Black "Spence, David"]
[Result "1-0"]
[WhiteElo "2100"]
[BlackElo "2214"]
[PlyCount "81"]
[EventDate "2008.10.05"]
[SourceDate "2008.10.04"]

1. d4 e6 2. Nf3 Nf6 3. g3 d5 4. Bg2 Be7 5. O-O O-O 6. c4 dxc4 7. Nbd2 c5 8.
dxc5 c3 9. Nb3 cxb2 10. Bxb2 Qxd1 11. Rfxd1 Nc6 12. Ne5 Nxe5 13. Bxe5 Nd5 14.
Rac1 Rd8 15. Na5 f6 16. Ba1 Kf7 17. Rb1 Bxc5 18. Nxb7 Bxb7 19. Rxb7+ Ne7 20.
Rc1 Rac8 21. Bb2 Rd6 22. Ba3 Bxa3 23. Rxc8 a5 24. Be4 Rd2 25. Rc2 Rd4 26. Bd3
f5 27. Rc4 Rd8 28. Rb5 Bb4 29. a3 Bxa3 30. Rxa5 Bb2 31. Rc7 Bf6 32. Raa7 g6 33.
Kg2 e5 34. Bc4+ Kf8 35. Ra6 Bg7 36. Re6 Ng8 37. h4 Rb8 38. Ra6 Ne7 39. Raa7 Bf6
40. Ra6 Bg7 41. Rxe7 1-0

[Event "4NCL/Div2a/BRJ vs. ANGA"]
[Site "Sunningdale ENG"]
[Date "2008.10.05"]
[Round "2.4"]
[White "Munson, Shaun D"]
[Black "Cabero, Pablo Padilla"]
[Result "0-1"]
[WhiteElo "2168"]
[BlackElo "2163"]
[PlyCount "92"]
[EventDate "2008.10.05"]
[SourceDate "2008.10.04"]

1. d4 e6 2. Nf3 f5 3. c4 Be7 4. Nc3 d5 5. e3 c6 6. Ne5 Nf6 7. Be2 O-O 8. O-O
Nfd7 9. f4 Nxe5 10. dxe5 Na6 11. a3 Nc7 12. b4 dxc4 13. Bxc4 Nd5 14. Qb3 b5 15.
Nxd5 exd5 16. Be2 a5 17. Bb2 Be6 18. Rfc1 Qd7 19. Qc3 axb4 20. axb4 Rxa1 21.
Rxa1 Rc8 22. Ra6 Qb7 23. Qa3 Bxb4 24. Qxb4 Qxa6 25. Qe7 c5 26. Bxb5 Qb6 27. Bc3
Kh8 28. h3 d4 29. exd4 cxd4 30. Bd2 d3+ 31. Kh2 Bd5 32. Bd7 Qg6 33. g4 Rc2 34.
Qf8+ Bg8 35. Qb4 fxg4 36. Bxg4 h5 37. Bf3 Qf5 38. Kg3 Be6 39. Bg2 Qg6+ 40. Kh2
h4 41. Kh1 Ra2 42. Qc3 Qg3 43. Qc6 Ra1+ 44. Bc1 Qxf4 45. Qe8+ Bg8 46. Qh5+ Qh6
0-1